000 00637nam a2200193Ia 4500
003 GCL
008 140319s9999 xx 000 0 ara d
040 _aGCL /
_cGCL
082 0 4 _a808.84
_bا ت
100 1 _aادوارد سعيد
245 1 0 _aتاملات حول المنفى ومقالات اخرى /
_cادوارد سعيد
250 _aالاولى
260 _aبيروت :
_bدار الاداب ،
_c2004
300 _a383 ص ؛
_c24 سم
650 0 4 _aالمقالات
650 0 4 _aالمقالات العربية - مجموعات
650 0 4 _aالمقالات العربية - تاريخ ونقد
942 _2ddc
_cBK
999 _c45908
_d45908